书目信息 |
| 题名: |
司法伦理学
|
|
| 作者: | 赵克俭 主编 | |
| 分册: | ||
| 出版信息: | 北京 法律出版社 1992.06 |
|
| 页数: | 127页 | |
| 开本: | 32开 | |
| 丛书名: | ||
| 单 册: | ||
| 中图分类: | D90-053 | |
| 科图分类: | ||
| 主题词: | 法的理论 , 法学 | |
| 电子资源: | ||
| ISBN: | 7-5036-0639-8 | |
| 000 | 00555nam0 2200205 45 | |
| 001 | 0010051724 | |
| 005 | 20001026193011.9 | |
| 010 | @a7-5036-0639-8@d9.00元 | |
| 100 | @a20001005d1992 km y0chiy0120 ea | |
| 101 | 0 | @achi |
| 105 | @a z 000yy | |
| 200 | 1 | @a司法伦理学@ASi Fa Lun Li Xue@f赵克俭主编@FZhao Ke Jian Zhu Bian |
| 210 | @a北京@c法律出版社@d1992.06 | |
| 215 | @a127页@d32开 | |
| 606 | 0 | @a法的理论 |
| 606 | 0 | @a法学 |
| 690 | @aD90-053@v3 | |
| 701 | 0 | @a赵克俭@4主编 |
| 801 | @aCN@bPftUser@c20001005 | |
| 905 | @dD90-053@eZH348@b192174-176@f3 | |
| 司法伦理学/赵克俭主编.-北京:法律出版社,1992.06 |
| 127页;32开 |
| ISBN 7-5036-0639-8:9.00元 |
| ● |
| 相关链接 |
|
|
|
正题名:司法伦理学
索取号:D90-053/ZH348
 
预约/预借
| 序号 | 登录号 | 条形码 | 馆藏地/架位号 | 状态 | 备注 |
| 1 | 192174 | 201921741 | 社科库509/509社科库 80排3列5层/ [索取号:D90-053/ZH348] | 在馆 | |
| 2 | 192175 | 201921750 | 社科库509/509社科库 80排3列5层/ [索取号:D90-053/ZH348] | 在馆 | |
| 3 | 192176 | 201921769 | 社科库509/509社科库 80排3列5层/ [索取号:D90-053/ZH348] | 在馆 |